000 00455nam a2200181Ia 4500
001 17144
005 20260306170403.0
008 260306t2003||||xx |||||||||||||| ||und||
041 _aESP
082 _a657.48
_bA64
100 _aApaza Meza, Mario
_eAUT
245 0 _aFinanzas para contadores aplicado a la gestión empresarial
260 _c2003
300 _a799 páginas :
_c20 cm.
650 _aGEN
654 _aCCO
942 _cLIB
_dJUS
_fJUS
_2ddc
_n
999 _c17144
_d17144